Главы субъектов РФ - Statistics

General Stats
  • This quiz has been taken 48 times
  • The average score is 9 of 89
Answer Stats
Номер Субъект РФ Глава субъекта % Correct
82 Москва Сергей Собянин
72%
23 Республика Чечня Рамзан Кадыров
46%
6 Донецкая Народная Республика Денис Пушилин
41%
56 Московская Область Андрей Воробьев
33%
83 Санкт-Петербург Александр Беглов
31%
14 Луганская Народная Республика Леонид Пасечник
28%
37 Белгородская Область Вячеслав Гладков
28%
79 Херсонская Область Владимир Сальдо
28%
19 Республика Татарстан Рустам Минниханов
26%
13 Республика Крым Сергей Аксенов
23%
58 Нижегородская Область Глеб Никитин
23%
59 Новгородская Область Андрей Никитин
21%
68 Самарская Область Вячеслав Федорищев
18%
5 Республика Дагестан Сергей Меликов
15%
52 Курганская Область Александр Хинштейн
15%
88 Чукотский Автономный Округ Владислав Кузнецов
15%
43 Запорожская Область Евгений Балицкий
13%
62 Оренбургская Область Денис Паслер
13%
80 Челябинская Область Алексей Текслер
13%
87 Ханты-Мансийский Автономный Округ Руслан Кухарук
13%
3 Республика Башкортостан Радий Хабиров
10%
17 Республика Саха (Якутия) Айсен Николаев
10%
20 Республика Тыва Владислав Ховалыг
10%
24 Республика Чувашия Олег Николаев
10%
35 Архангельская Область Александр Цыбульский
10%
38 Брянская Область Александр Богомаз
10%
41 Вологодская Область Георгий Филимонов
10%
42 Воронежская Область Александр Гусев
10%
53 Ленинградская Область Александр Дрозденко
10%
61 Омская Область Виталий Хоценко
10%
77 Тюменская Область Александр Моор
10%
78 Ульяновская Область Алексей Русских
10%
22 Республика Хакасия Валентин Коновалов
10%
9 Республика Калмыкия Бату Хасиков
8%
15 Республика Марий Эл Юрий Зайцев
8%
18 Республика Северная-Осетия (Алания) Сергей Меняйло
8%
21 Республика Удмуртия Александр Бречалов
8%
31 Приморский Край Олег Кожемяко
8%
40 Волгоградская Область Андрей Бочаров
8%
47 Калужская Область Владимир Шапша
8%
57 Мурманская Область Андрей Чибис
8%
71 Свердловская Область Евгений Куйвашев
8%
72 Смоленская Область Василий Анохин
8%
74 Тверская Область Игорь Руденя
8%
84 Севастополь Михаил Развозжаев
8%
85 Еврейская Автономная Область Мария Костюк
8%
89 Ямало-Ненецкий Автономный Округ Дмитрий Артюхов
8%
2 Республика Алтай Андрей Турчак
5%
4 Республика Бурятия Алексей Цыденов
5%
7 Республика Ингушетия Махмуд-Али Калиматов
5%
8 Республика Кабардино-Балкария Казбек Коков
5%
10 Республика Карачаево-Черкесия Рашид Темрезов
5%
11 Республика Карелия Артур Парфенчиков
5%
12 Республика Коми Ростислав Гольдштейн
5%
25 Алтайский Край Виктор Томенко
5%
26 Забайкальский Край Александр Осипов
5%
29 Красноярский Край Михаил Котюков
5%
30 Пермский Край Дмитрий Махонин
5%
32 Ставропольский Край Владимир Владимиров
5%
33 Хабаровский Край Дмитрий Демешин
5%
39 Владимирская Область Александр Авдеев
5%
44 Ивановская Область Станислав Воскресенский
5%
45 Иркутская Область Игорь Кобзев
5%
46 Калининградская Область Александр Беспрозванных
5%
49 Кировская Область Александр Соколов
5%
50 Костромская Область Сергей Ситников
5%
51 Курская Область Вадим Шумков
5%
54 Липецкая Область Игорь Артамонов
5%
60 Новосибирская Область Андрей Травников
5%
64 Пензенская Область Олег Мельниченко
5%
65 Псковская Область Михаил Ведерников
5%
66 Ростовская Область Юрий Слюсарь
5%
67 Рязанская Область Павел Малков
5%
69 Саратовская Область Роман Бусаргин
5%
70 Сахалинская Область Валерий Лимаренко
5%
73 Тамбовская Область Евгений Первышов
5%
75 Томская Область Владимир Мазур
5%
76 Тульская Область Дмитрий Миляев
5%
81 Ярославская Область Михаил Евраев
5%
1 Республика Адыгея Мурат Кумпилов
3%
16 Республика Мордовия Артем Здунов
3%
27 Камчатский Край Владимир Солодов
3%
28 Краснодарский Край Вениамин Кондратьев
3%
34 Амурская Область Василий Орлов
3%
36 Астраханская Область Игорь Бабушкин
3%
48 Кемеровская Область Илья Середюк
3%
55 Магаданская Область Сергей Носов
3%
63 Орловская Область Андрей Клычков
3%
86 Ненецкий Автономный Округ Юрий Бездудный
0%
No matching quizzes found
Score Distribution
Percent of People with Each Score
Percentile by Number Answered
Your Score History
You have not taken this quiz